000 01330nam a2200277 i 4500
003 DO-SdBNP
005 20230821115314.0
007 ta
008 220914e1982 dr |||grc||| 000 0dspa d
040 _aDO-SdBNP
_bspa
_cBNPHU
_erda
082 4 _bF356n,1983
_222
_axxxxx
111 _aFeria Nacional del Libro
_n(Xª :
_d1982: del 23 al 30 de abril :
_cPlaza Gonzalo Fernández de Oviedo, Casa de Bastidas, Casa de Bibliófilos, Academia de Ciencias, Casa de Francia y Museo de las Casas Reales.)
_982367
245 1 0 _aX feria nacional del libro ¨Pedro Rene Contin Aybar¨ :
_bprograma de actividades /
246 _aDecima feria nacional del libro:
_bhomenaje a Pedro Rene Contin Aybar /
264 1 _aSanto Domingo :
_bComisión Organizadora Permanente de la Feria Nacional del Libro,
_c1982.
300 _a[16] páginas
_c22 cm.
336 _2rdacontent
_atexto
_btxt
337 _2rdamedia
_asin mediación
_bn
338 _2rdacarrier
_avolumen
_bnc
500 _aIncluye datos biográficos de Pedro Rene Contin Aybar en la última página.
590 _aInventariado 2023 / YL
611 4 _aFeria Nacional del Libro
_d(1983:
_cSanto Domingo, República Dominicana)
_xDomingo Moreno Jiménez
_982368
650 4 _aFeria del libro
_xDomingo Moreno Jiménez
_zRepública Dominicana
_982369
910 _aYLockward
942 _2ddc
_cLF2
999 _c54494
_d54494